Ballon d'Or - classement 2004 - Statistiques

Statistiques générales
  • Ce quiz a été pris 51 fois
  • Le résultat moyen est 18 sur 29
Statistiques - réponses
Poste Club Nationalité Rang Réponse % Correct
Attaquant Arsenal France 4 Thierry Henry
98%
Attaquant Milan AC Ukraine 1 Andriy Chevtchenko
96%
Attaquant Manchester United Portugal 12 Cristiano Ronaldo
96%
Milieu FC Barcelone Brésil 3 Ronaldinho
96%
Milieu Juventus République Tchèque 7 Pavel Nedvěd
92%
Attaquant Manchester United Angleterre 8 Wayne Rooney
88%
Attaquant Juventus Suède 14 Zlatan Ibrahimović
88%
Milieu Real Madrid Portugal 22 Luís Figo
86%
Attaquant FC Barcelone Cameroun 15 Samuel Eto'o
86%
Attaquant Inter Milan Brésil 6 Adriano
82%
Milieu FC Barcelone Portugal 2 Deco
82%
Milieu Chelsea Angleterre 19 Frank Lampard
80%
Gardien Juventus Italie 21 Gianluigi Buffon
80%
Attaquant Manchester United Pays Bas 10 Ruud van Nistelrooy
80%
Milieu Real Madrid France 23 Zinédine Zidane
80%
Milieu Milan AC Brésil 16 Kaká
78%
Défenseur Milan AC Italie 28 Paolo Maldini
73%
Défenseur Chelsea Portugal 9 Ricardo Carvalho
65%
Attaquant FC Barcelone France 25 Ludovic Giuly
57%
Attaquant Chelsea Côte d'Ivoire 20 Didier Drogba
45%
Attaquant Real Madrid Espagne 18 Fernando Morientes
45%
Attaquant Liverpool République Tchèque 13 Milan Baroš
35%
Attaquant Werder Brême Grèce 11 Angelos Charisteas
22%
Milieu FC Porto Portugal 26 Maniche
16%
Milieu Bologne Grèce 5 Theodoros Zagorakis
10%
Milieu Valence CF Espagne 24 Rubén Baraja
8%
Gardien Olympiakos Grèce 27 Antonios Nikopolidis
6%
Défenseur AS Rome Grèce 17 Traianos Dellas
6%
Milieu Valence CF Espagne 29 Vicente
6%
Aucun quiz correspondant
Distribution des résultats
% des personnes avec chaque résultat
Percentile par nombre de réponses
Votre historique - résultats
Vous n’avez pas pris ce quiz